000 00694nam a22002057a 4500
003 NUST-PNEC
005 20170116180718.0
008 141014b xxu||||| |||| 00| 0 eng d
020 _a9780750613019
040 _cPNEC
082 _a621.3 SAY
100 _9577
_aSay, M.G.
245 _aElectrical engineer's reference book.
_cM. G. Say
250 _a14th ed.
260 _aLondon,
_bButterworths
_cc1985
300 _a1 volume (various pagings):
_b illustrations;
_c23 cm.
500 _aIncludes Index http://www.amazon.com/Electrical-Engineers-Reference-Book-M-G/dp/0750613017/ref=sr_1_1?s=books&ie=UTF8&qid=1414041695&sr=1-1&keywords=9780750613019
650 _xEE
942 _2ddc
_cBK
999 _c61263
_d61263